Statistics for Name a Valid Country By Clue #2

Click here to take the quiz!

General Stats

  • This quiz has been taken 41 times
  • The average score is 7 of 20

Answer Stats

Name a country ...Answer% Correct
that has a Lego Land other than the
USA and Denmark
Germany | Italy | Japan | Malaysia | South Korea |
United Arab Emirates | United Kingdom
85%
that has a capital city that starts with JIndonesia | Israel | South Sudan
82%
where Chat GPT is banned other than
North Korea
China | Cuba | Iran | Italy | Syria | Russia
79%
that is in the top 3 oldestEgypt | Greece | India
68%
that borders a double landlocked countryAfghanistan | Austria | Kazakhstan | Kyrgyzstan |
Switzerland | Tajikistan | Turkmenistan
50%
that has the most similar population to
Tibet (Hint, Middle East)
Qatar
50%
which produces the most carpetBelgium | China | Germany | India | Turkey
47%
where Obama has been to 4 timesAfghanistan | Japan | South Korea
38%
which has the most giraffesBotswana | Namibia | South Africa
35%
with the oldest capital city (2500 BC.)Syria
29%
with the worst military, outside of AfricaBelize | Bhutan | Iceland | Moldova | Suriname
21%
with the most pigeonsChina | Egypt | France | Saudi Arabia | Syria
21%
that has the longest official nameKiribati | North Macedonia | São Tomé And Principe |
South Korea | United Kingdom
18%
with the fastest Paralympic 100m dashBrazil | China | Germany | Ireland | Norway |
New Zealand | Spain | Greece
15%
with the highest iq in AfricaEritrea | Mauritius | Seychelles | Sierra Leone
15%
that has the least amount of islands,
with a coast (1)
Nauru
12%
that has no national holidaysDenmark | Ireland | United Kingdom
3%
with the most ice cream eaten per capita
(Around 7.5 gallons a year)
New Zealand
3%
with the most criminal per capita, outside
North America
Palau | Rwanda | Thailand | Turkmenistan | Uruguay
3%
that has the most national holidays (35)Nepal
0%

Score Distribution

Percentile by Number Answered

Percent of People with Each Score

Your Score History

You have not taken this quiz